Biggest U.S. Cities Starting with U - Statistics

General Stats
  • This quiz has been taken 5,821 times
    4,923 since last reset
  • The average score is 4 of 14
Answer Stats
State Population City % Correct
New York 64,501 Utica
78%
California 68,681 Union City
49%
New Jersey 65,638 Union City
49%
Georgia 27,359 Union City
49%
Texas 15,312 Uvalde
29%
California 79,274 Upland
28%
Illinois 38,681 Urbana
28%
Iowa 45,923 Urbandale
16%
Missouri 34,629 University City
13%
California 16,728 Ukiah
12%
Texas 19,808 Universal City
8%
Texas 24,849 University Park
8%
Washington 34,900 University Place
7%
Ohio 36,295 Upper Arlington
6%
No matching quizzes found
Score Distribution
Percent of People with Each Score
Percentile by Number Answered
Your Score History
You have not taken this quiz since the last reset